| 000 | 00000nam##2200000za#4500 |
| 001 | 9.604274 |
| 003 | CaOODSP |
| 005 | 20210624211504 |
| 007 | cr ||||||||||| |
| 008 | 150406|2006||||xxc|||||o f|0| 0 fre|d |
| 040 | |aCaOODSP|bfre |
| 043 | |an-cn--- |
| 086 | 1 |aTU3-5/06-30F-PDF |
| 110 | 2 |aBureau de la sécurité des transports du Canada. |
| 245 | 10|aPerte de maîtrise suivie d'une désintégration en vol du Bell 204B C-GSHK, exploité par Heli-Lift International Inc. à 22 nm au sud-ouest de Stony Rapids (Saskatchewan), le 24 septembre 2006 |h[ressource électronique] |
| 260 | |aGatineau - Québec : |bBureau de la sécurité des transports du Canada |c2007. |
| 300 | |a9p. |
| 490 | 1 |aRapport d'enquête aéronautique |vA06C0154 |
| 500 | |a« Le Bureau a autorisé la publication du rapport le 17 mai 2007 » --p.9. |
| 590 | |a12-33-Supp|b2012-07-18 |
| 775 | 08|tLoss of control – in-flight breakup - Heli-Lift International Inc. Bell 204B C-GSHK, Stony Rapids, Saskatchewan, 22 nm SW, 24 September 2006 |w(CaOODSP)9.574530 |
| 830 | #0|aRapport d'enquête aéronautique ;|vA06C0154|w(CaOODSP)9.501229 |
| 856 | 40|ahttp://publications.gc.ca|qPDF|s165 Ko|uhttps://publications.gc.ca/collections/collection_2012/bst-tsb/TU3-5-06-30-fra.pdf|yA06C0154 |